Harvard business review on manufacturing excellence at Toyota

Few companies have so consistently inspired management best practices as Toyota. This collection shows just how Toyota does it and how you can apply these same lessons to fuel success in your company.

Guardat en:
Dades bibliogràfiques
Format: Llibre
Idioma:Undetermined
Publicat: Boston, MA Harvard Business School Pub. 2009
Matèries:
Etiquetes: Afegir etiqueta
Sense etiquetes, Sigues el primer a etiquetar aquest registre!
Thư viện lưu trữ: Trung tâm Học liệu Trường Đại học Cần Thơ
LEADER 00782nam a2200193Ia 4500
001 CTU_186980
008 210402s9999 xx 000 0 und d
082 |a 658 
082 |b H339 
245 0 |a Harvard business review on manufacturing excellence at Toyota 
245 0 |c Harvard business review 
260 |a Boston, MA 
260 |b Harvard Business School Pub. 
260 |c 2009 
520 |a Few companies have so consistently inspired management best practices as Toyota. This collection shows just how Toyota does it and how you can apply these same lessons to fuel success in your company. 
650 |a Industrial management,Quản trị công nghiệp 
650 |z Japan,Nhật Bản 
904 |i Giang 
980 |a Trung tâm Học liệu Trường Đại học Cần Thơ